000 00465nam a2200181Ia 4500
001 18100
005 20260306171605.0
008 260306s9999||||xx |||||||||||||| ||und||
041 _aESP
082 _a658.4012
_bB34
100 _aBecerra Marsano, Ana María
_eAUT
245 0 _aPlaneamiento estratégico para micro y pequeñas empresas
260 _c2011
300 _a107 páginas :
_c27 cm.
650 _aGEN
654 _aCAN
942 _cLIB
_dJUS
_fJUS
_2ddc
_n
999 _c18100
_d18100